[Event "Yingmei CHN-chT 2018"]
[Site "Guangdong"]
[Date "2018.11.27"]
[Round "19"]
[White "Lan, Zilun"]
[Black "Yu, Yangyi"]
[Result "1/2-1/2"]
[WhiteElo "2338"]
[BlackElo "2765"]
[Annotator "TA"]
[PlyCount "74"]
[EventDate "2018.07.09"]
[EventType "team-tourn"]
[EventCountry "CHN"]
[SourceTitle "playchess.com"]
[Source "ChessBase"]
[SourceQuality "1"]

{[%evp 27,74,-8,-3,-39,0,0,0,-21,-18,-14,-19,-60,0,0,0,0,0,0,114,120,84,110,104,45,30,36,36,30,25,20,20,29,52,46,54,0,0,0,0,0,0,0,0,0,73,77,103,88,116]} 1. d4 Nf6 2. c4 e6 3. Nf3 d5 4. Nc3 dxc4 5. e3 a6 6. Bxc4 b5 7. Bb3 Bb7 8. O-O Nbd7 9. Qe2 c5 {[%cal Bc7c5,Bc5c4][%mdl 32]} 10. Rd1 Qb8 11. d5 c4 {D29: Queen's Gambit Accepted: Classical main line: 7 Qe2 with early ...Nbd7} (11... exd5 12. Nxd5 Nxd5 13. Bxd5 Bxd5 14. Rxd5 Be7 15. e4 Qb7 16. Bg5 f6 17. Bf4 O-O 18. Rad1 Nb6 19. R5d2 Rad8 20. Rxd8 Rxd8 21. Rxd8+ Bxd8 22. e5 Qc6 23. Kf1 {½-½ (23) Postny,E (2618)-Nielsen,P (2681) Khanty-Mansiysk 2011}) 12. dxe6 fxe6 13. Bc2 Bd6 14. h3 O-O {LiveBook: 10 Games} 15. b3 {[#]} cxb3 $146 (15... Bxf3 $5 16. Qxf3 Bh2+ 17. Kh1 Be5 $17) ({Predecessor:} 15... Bxf3 16. gxf3 Be5 17. Bb2 b4 18. Na4 c3 19. Bc1 {0-1 (27) Bratus,P (2189)-Vysochin,S (2550) St Petersburg 2009}) 16. axb3 Bxf3 17. Qxf3 Bh2+ 18. Kh1 Be5 19. Bb2 Qe8 (19... Ra7 $15 20. Rd2 Nc5) 20. Qe2 $11 Rc8 21. Qd2 Nc5 {White must now prevent ...Bxc3.} 22. f3 Rc6 {[#]} (22... Qe7 $1 $11 {keeps the balance.}) 23. b4 $1 $16 {[%cal Rb4c5]} Nb7 24. Bb3 Nd6 {[#]} 25. Rac1 (25. Ne2 $1 $16 Bxb2 26. Qxb2) 25... Nc4 $14 26. Bxc4 $1 Rxc4 {[#]} 27. Na4 $1 {[%mdl 512]} Rxc1 (27... bxa4 28. Rxc4) 28. Rxc1 Bxb2 29. Nxb2 Qd8 30. Nd3 Qd6 31. e4 (31. Qc3 $14) 31... Rd8 $11 32. Rd1 $36 {[%mdl 2048] White is pushing.} Nh5 {And now ...Nf4! would win.} 33. e5 Qf8 34. Qe1 Qf5 35. Nc5 Rf8 (35... Rxd1 $11 36. Qxd1 Qxe5) 36. Rd4 h6 37. Kg1 Qg6 {Accuracy: White = 79%, Black = 67%.} 1/2-1/2

[Event "Yingmei CHN-chT 2018"]
[Site "Guangdong"]
[Date "2018.11.27"]
[Round "19"]
[White "Xu, Minghui"]
[Black "Wang, Yiye"]
[Result "0-1"]
[WhiteElo "2335"]
[BlackElo "2437"]
[Annotator "TA"]
[PlyCount "146"]
[EventDate "2018.07.09"]
[EventType "team-tourn"]
[EventCountry "CHN"]
[SourceTitle "playchess.com"]
[Source "ChessBase"]
[SourceQuality "1"]

{[%evp 19,146,-8,2,8,14,6,4,-6,10,10,5,3,18,-26,-29,-20,-5,-4,-2,-4,-7,-10,-7,-12,-8,-24,-24,-24,-25,-34,-26,-25,-14,-12,0,0,0,-30,-25,-28,0,0,0,0,-7,-6,0,0,-3,-33,-31,-138,-100,-82,-61,-62,-68,-105,-112,-149,-82,-91,-91,-152,-91,-89,-62,-79,-65,-72,0,0,0,-102,-94,-197,-179,-188,-161,-133,-139,-154,-151,-213,-206,-219,-187,-221,-190,-187,-180,-187,-155,-190,-181,-191,-159,-187,-181,-177,-79,-79,-79,-303,-79,-85,0,-303,-303,-261,0,0,0,-261,-261,-261,-261,-441,-415,-426,-427,-426,-423,-383,-375,-1557,-1408,-1778,-1658]} 1. d4 Nf6 2. c4 e6 3. g3 Bb4+ 4. Bd2 a5 5. Bg2 O-O 6. Nf3 b6 7. O-O Ba6 8. a3 Be7 9. Ne5 c6 10. Qc2 d5 11. cxd5 {E15: Queen's Indian: 4 g3 sidelines, 4 g3 Ba6 and 4 g3 Bb7 early deviations} cxd5 12. Bf4 $146 ({Predecessor:} 12. Nc3 Nfd7 13. Nd3 Nc6 14. e3 Rc8 15. Rfd1 {½-½ (15) Holzapfel,D (2285)-Sieg,M Germany 1992}) 12... Nfd7 13. Rc1 {The position is equal.} Nxe5 14. Bxe5 Nd7 {[%cal Bb8d7,Bd7f6,Bf6e4][%mdl 32]} 15. Bc7 Qe8 16. Nc3 Rc8 17. Bf4 Nf6 18. Bg5 Ne4 19. Bxe7 Nxc3 20. bxc3 Qxe7 21. e4 Bc4 22. Re1 dxe4 23. Bxe4 g6 24. a4 Qd6 25. Qb2 Rc7 26. Qa3 Rd8 (26... Qd7 {is interesting.} 27. Rab1 Rb8 28. h4 h5 29. Bf3 Bd3) 27. Qxd6 Rxd6 28. Rab1 Kf8 (28... Kg7 {seems wilder.} 29. Re3 g5 30. Ba8 h6 31. h4 Kg6) 29. Re3 Bd5 (29... g5 {with more complications.} 30. Bxh7 f5 31. Bg6 Bd5 32. Bh5 f4) 30. Bxd5 exd5 $11 {[%mdl 4096] Endgame KRR-KRR} 31. Rb3 Rc4 32. Ra3 $1 Rd7 33. Re5 Rdc7 34. Rb3 R7c6 35. Rb5 ({White should try} 35. Rxd5 $15 Rxc3 36. Rxc3 Rxc3 37. Rd6) 35... Rxc3 36. Rbxd5 Rc1+ 37. Kg2 R1c2 38. Kf1 Ra2 39. Re3 Rf6 ({Black should play} 39... Rxa4 40. Rd8+ Kg7) 40. Re2 Rxa4 41. Rd8+ Kg7 42. Rd2 Ra1+ 43. Kg2 Rc1 44. d5 $1 b5 (44... h5 $17) 45. d6 Rc6 $1 46. Rd5 (46. g4 $1 $11 h6 47. d7) 46... Rb6 $17 47. d7 (47. g4 $17 b4 48. Rxa5) 47... Rfd6 $19 48. Rc5 Rb7 49. Ra8 Rdxd7 {...b4 is the strong threat.} 50. Rxa5 b4 {[%cal Bb5b4,Bb4b3][%mdl 32]} 51. Ra2 {[#]} (51. Rc2 $17) 51... Rdc7 $1 {[%cal Rc7c5]} 52. Rd5 Rc3 53. Rb2 Kf6 54. Kf1 b3 {Threatens to win with ...Rc2.} 55. Ke2 Re7+ 56. Kd1 Re5 57. Rd4 Rf3 58. Rb4 Rd3+ 59. Rd2 {[#]} Rc3 (59... Red5 $1 $19 {is more deadly.} 60. Rf4+ Ke5 61. Rxd3 Rxd3+ 62. Kc1 f5) 60. Rb2 $17 Rd5+ 61. Rd2 $2 (61. Ke2 $17 {was called for.}) 61... Ra5 $2 (61... Rxd2+ $19 {has better winning chances.} 62. Kxd2 Rc2+ 63. Ke3 b2) 62. Rb2 Rd5+ $2 (62... Rf5 $17) 63. Rd2 $19 Rxd2+ 64. Kxd2 {KR-KR} Rf3 65. Ke2 $1 {[%cal Re2f3]} Rc3 66. Kd2 $1 {[%cal Rd2c3]} Rc2+ 67. Ke3 b2 68. h4 $2 (68. g4) 68... Ke5 69. f3 Kd5 70. Kd3 Rf2 71. Ke3 Rg2 72. g4 $2 (72. Kd3 Rxg3 73. Rxb2) 72... Kc5 73. Rb8 Kc4 {Accuracy: White = 57%, Black = 52%.} 0-1

[Event "Yingmei CHN-chT 2018"]
[Site "Guangdong"]
[Date "2018.11.27"]
[Round "19"]
[White "Ushenina, Anna"]
[Black "Li, Ruofan"]
[Result "1/2-1/2"]
[WhiteElo "2325"]
[BlackElo "2527"]
[Annotator "TA"]
[PlyCount "64"]
[EventDate "2018.07.09"]
[EventType "team-tourn"]
[EventCountry "CHN"]
[SourceTitle "playchess.com"]
[Source "ChessBase"]
[SourceQuality "1"]

{[%evp 22,64,14,13,8,12,22,22,34,32,40,27,34,33,33,0,0,0,0,0,25,0,31,-71,-47,-56,0,0,0,0,0,-41,0,0,0,0,0,0,0,0,0,0,0,0,12]} 1. d4 d5 2. c4 e6 3. Nf3 Nf6 4. g3 Bb4+ 5. Bd2 Be7 6. Bg2 O-O 7. O-O c6 8. Qc2 b6 9. Rd1 Nbd7 10. b3 a5 {E11: Bogo-Indian} (10... Ba6 11. a4 Qc8 12. Na3 c5 13. cxd5 Nxd5 14. Nc4 Bb7 15. dxc5 Nxc5 16. Rac1 Nf6 17. b4 Nce4 18. Be1 Qe8 19. Ng5 Nxg5 20. Bxb7 {1-0 (35) Matlakov,M (2704)-Zhou,J (2624) Qinhuangdao 2018}) 11. Bc3 Bb7 12. Nbd2 {LiveBook: 21 Games} Rc8 13. Rac1 $146 ({Predecessor:} 13. e4 c5 14. exd5 exd5 15. Qf5 dxc4 16. Nxc4 Be4 17. Qh3 Qc7 18. Nh4 Bxg2 19. Qxg2 cxd4 {1-0 (51) Halkias,S (2565)-Nilssen,J (2353) Helsingor 2013}) 13... Qc7 14. Bb2 c5 15. cxd5 exd5 16. Bh3 Qb8 17. Qb1 Rcd8 18. Nf1 Rfe8 19. Ne3 Ne4 20. dxc5 Bxc5 {And now ...Nxf2! would win.} 21. Nd4 Ndf6 22. Ng4 {[#]} (22. Nef5 $14) 22... Nxg4 $1 $17 23. Bxg4 Qd6 (23... Rd6 $15) 24. Qd3 $11 Qg6 25. Qf3 Ng5 26. Qg2 Ne4 27. Qh3 {The position is equal.} Ng5 ({But not} 27... Nxf2 $2 28. Kxf2 Qg5 29. Kg2 $18) 28. Qh5 Qxh5 29. Bxh5 g6 30. Bg4 f5 31. Bf3 Nxf3+ 32. exf3 Rd7 {Accuracy: White = 57%, Black = 55%.} 1/2-1/2

[Event "Yingmei CHN-chT 2018"]
[Site "Guangdong"]
[Date "2018.11.27"]
[Round "19"]
[White "Tan, Zhongyi"]
[Black "Ning, Kaiyu"]
[Result "1/2-1/2"]
[WhiteElo "2319"]
[BlackElo "2513"]
[Annotator "TA"]
[PlyCount "71"]
[EventDate "2018.07.09"]
[EventType "team-tourn"]
[EventCountry "CHN"]
[SourceTitle "playchess.com"]
[Source "ChessBase"]
[SourceQuality "1"]

{[%evp 26,71,12,7,18,23,2,0,-4,-6,1,0,41,-15,24,16,24,31,43,39,52,35,149,147,130,146,201,172,195,193,233,165,178,165,165,159,164,76,100,41,86,91,156,0,0,0,153,0]} 1. e4 e6 2. d4 d5 3. e5 c5 4. c3 Qb6 5. Nf3 Nc6 6. a3 Nh6 7. Bd3 cxd4 8. cxd4 Nf5 9. Bxf5 exf5 10. O-O Be6 11. Nc3 h6 {C02: French: Advance Variation} 12. b4 Be7 13. Qd3 O-O 14. Na4 {LiveBook: 3 Games} (14. Bd2 {keeps more tension.} a6 15. h4 Na7 16. g3 Rac8 17. Qe3) 14... Qa6 $146 ({Predecessor:} 14... Qd8 15. Bd2 Rc8 16. Rfc1 b6 17. b5 {½-½ (55) Schroeder,J (2507)-Wadsworth,M (2325) Celje 2016}) 15. Qxa6 bxa6 16. Bd2 g5 17. Bc3 f4 18. Nc5 Bf5 19. Rad1 (19. Rfe1 $14) 19... g4 20. Ne1 Bxc5 21. dxc5 d4 22. Bd2 f3 23. gxf3 gxf3 (23... Rfb8 $14) 24. Bxh6 $16 Rfe8 25. Nxf3 d3 (25... Kh7 $16 {was called for.}) 26. Rfe1 Rad8 {intending ...Bg4.} 27. Re3 Nd4 28. Bg5 Rd5 29. Nxd4 Rxd4 30. Bf6 {Threatens to win with Rf3.} Kh7 31. Rd2 (31. Rg3 $18 {is more deadly.}) 31... Rc4 32. Kg2 (32. Rg3 $16) 32... Rg8+ 33. Rg3 Be4+ (33... a5 $142) 34. Kh3 Bf5+ $1 35. Kg2 $1 Be4+ $1 36. Kh3 $2 {Accuracy: White = 47%, Black = 45%.} (36. f3 $16 Rc2 37. Rxc2 (37. fxe4 $2 Rxd2+ 38. Kf1 Rxg3 $19) 37... Rxg3+ 38. hxg3 (38. Kxg3 dxc2 39. Bg5 Kg6 $16) 38... dxc2 39. Bg5) 1/2-1/2

[Event "Yingmei CHN-chT 2018"]
[Site "Guangdong"]
[Date "2018.11.27"]
[Round "19"]
[White "Khademalsharieh, Sarasadat"]
[Black "Xiao, Yiyi"]
[Result "1/2-1/2"]
[WhiteElo "2295"]
[BlackElo "2375"]
[Annotator "TA"]
[PlyCount "34"]
[EventDate "2018.07.09"]
[EventType "team-tourn"]
[EventCountry "CHN"]
[SourceTitle "playchess.com"]
[Source "ChessBase"]
[SourceQuality "1"]

{[%evp 28,34,51,0,0,0,0,0,0]} 1. d4 Nf6 2. c4 e6 3. Nf3 d5 4. Nc3 Be7 5. Bf4 O-O 6. e3 c5 7. dxc5 Bxc5 8. a3 Nc6 {[%cal Bb8c6,Bc6d4,Bd4c2][%mdl 32]} 9. Qc2 Qa5 10. Rd1 Re8 {D37: Queen's Gambit Declined: 5 Bf4} 11. Nd2 e5 12. Bg5 Nd4 13. Qa4 Qxa4 14. Nxa4 Nc2+ 15. Ke2 {[#] LiveBook: 6 Games} Nd4+ $1 {[%mdl 512] The position is equal.} 16. Ke1 $1 (16. exd4 exd4+) 16... Nc2+ {[#]} 17. Ke2 $146 {[#]} Nd4+ $1 {[%mdl 512]} 1/2-1/2

[Event "Yingmei CHN-chT 2018"]
[Site "Guangdong"]
[Date "2018.11.27"]
[Round "19"]
[White "Lei, Tingjie"]
[Black "Yan, Tianqi"]
[Result "1-0"]
[WhiteElo "2242"]
[BlackElo "2313"]
[Annotator "TA"]
[PlyCount "59"]
[EventDate "2018.07.09"]
[EventType "team-tourn"]
[EventCountry "CHN"]
[SourceTitle "playchess.com"]
[Source "ChessBase"]
[SourceQuality "1"]

{[%evp 24,59,42,39,47,23,24,18,23,18,23,21,27,15,38,0,62,48,84,88,148,44,161,139,179,143,499,491,498,495,776,775,29981,29982,29982,6495,2591,2341]} 1. e4 c5 2. Nf3 a6 3. Be2 e6 4. O-O Nc6 5. d4 cxd4 6. Nxd4 Nf6 7. Nc3 Qc7 8. Be3 Bb4 9. Na4 O-O 10. Nxc6 bxc6 11. Nb6 Rb8 12. Nxc8 Qxc8 13. Bf4 {LiveBook: 6 Games. B49: Sicilian: Taimanov: 5 Nc3 Qc7 6 Be3 a6 7 Be2} (13. Qd3 Be7 14. e5 Nd5 15. Bc1 Qc7 16. c4 Nb4 17. Qc3 c5 18. Bf3 Nc6 19. Bxc6 Qxc6 20. Rd1 f6 {½-½ (54) Hou/Ding (2600)-Vachier Lagrave/Milliet (2600) Villandry 2009}) 13... Ra8 14. Bd3 d5 15. e5 $146 {White has an edge.} ({Predecessor:} 15. exd5 exd5 16. Qf3 Re8 17. c3 Bf8 18. Rfe1 Qb7 {½-½ (18) Boyle,C-Nybrott,L corr 1995}) 15... Nd7 16. Qg4 {Strongly threatening Bh6.} Re8 17. c3 Bf8 18. Rae1 $40 {[%mdl 128] White is up to no good.} Qb7 19. Re3 (19. b3 {seems wilder.} Qc7 20. Re3 g6 21. Qh4 Bg7 22. Rfe1) 19... g6 (19... Qxb2 $11 20. Rb1 Qxa2) 20. b3 $14 a5 {[#]} 21. h4 $1 {[%cal Bh2h4,Bh4h5,Bh5g6,Bg6g7][%mdl 32]} Bc5 ({Black should try} 21... f5 22. exf6 Nxf6) 22. Re2 (22. Rh3 $16) 22... Nf8 (22... f5 $14 23. exf6 Nxf6) 23. h5 $18 Qe7 24. Kh2 f5 $2 {[%mdl 8192]} (24... Nd7 $16 {is tougher.}) 25. exf6 $1 Qxf6 26. Be5 Qf7 {[#]} (26... Bd6 $142) 27. Re3 $1 {[%mdl 512]} Qa7 {[#]} (27... Bxe3 28. fxe3) 28. hxg6 $1 {[%mdl 512]} h6 29. g7 Nh7 30. Rh3 {Precision: White = 61%, Black = 19%.} 1-0

[Event "Yingmei CHN-chT 2018"]
[Site "Guangdong"]
[Date "2018.11.27"]
[Round "19"]
[White "Zhang, Xiaowen"]
[Black "Girya, Olga"]
[Result "0-1"]
[WhiteElo "2180"]
[BlackElo "2318"]
[Annotator "TA"]
[PlyCount "80"]
[EventDate "2018.07.09"]
[EventType "team-tourn"]
[EventCountry "CHN"]
[SourceTitle "playchess.com"]
[Source "ChessBase"]
[SourceQuality "1"]

{[%evp 18,80,31,0,4,0,36,-51,6,-86,5,-10,-14,1,28,28,28,19,29,27,29,14,36,0,0,-21,17,-35,-2,-52,27,-33,-15,-33,-41,-728,-719,-784,-732,-747,-737,-795,-711,-817,-812,-839,-709,-704,-710,-696,-689,-729,-708,-659,-662,-1007,-984,-981,-808,-1127,-1043,-1073,-1089,-1497,-1465]} 1. e4 c6 2. Nc3 d5 3. Nf3 Bg4 4. h3 Bxf3 5. Qxf3 Nf6 6. Be2 e6 {B11: Caro-Kann: Two Knights Variation} 7. O-O Bc5 8. Qg3 O-O 9. d3 Nbd7 10. Kh1 {LiveBook: 4 Games} (10. Bf4 {feels hotter.} Ne8 11. a3 d4 12. Nb1 f6 13. Bc1) 10... Ne8 $146 ({Predecessor:} 10... Bd4 11. Bh6 Ne8 12. Bg5 Bf6 13. Bc1 Qa5 14. Nb1 {0-1 (41) Mastrovasilis,D (2610)-Dreev,A (2654) Legnica 2013}) 11. f4 f5 12. Na4 (12. e5 $14) 12... Be7 (12... fxe4 $15 13. Bg4 Qe7) 13. c4 (13. e5 $11 {remains equal.}) 13... d4 ({Better is} 13... Qa5 $17 14. b3 b5) 14. b3 $11 b5 15. Nb2 a5 16. exf5 exf5 17. Bf3 Rc8 18. Qe1 Nc5 19. cxb5 cxb5 20. b4 (20. Bd2 $14) 20... axb4 21. Qxb4 Nc7 22. Qe1 (22. a4 $11) 22... Bf6 23. Qb4 Be7 (23... Nd5 $15 24. Qxb5 Nc3) 24. Qe1 (24. a4 $11) 24... Qd7 25. Bd2 Rfe8 $36 {[%mdl 2048] Black has good play.} 26. Qe5 $2 {[%mdl 8192] [#]} (26. Qf2 $15) 26... Bf8 $19 {Black is clearly winning.} 27. Rfe1 Rxe5 28. Rxe5 Bd6 29. Ree1 Qf7 30. Bc6 Rb8 31. Bb4 Nd5 32. Bxc5 Bxc5 33. Re5 Rd8 34. Rc1 Bf8 35. Bxb5 Qb7 36. Bc4 Qxb2 37. Rce1 Qf2 38. R1e2 Qf1+ 39. Kh2 Qxf4+ 40. g3 Qf3 {Accuracy: White = 26%, Black = 37%.} 0-1

[Event "Yingmei CHN-chT 2018"]
[Site "Guangdong"]
[Date "2018.11.27"]
[Round "19"]
[White "Gong, Qianyun"]
[Black "Ni, Shiqun"]
[Result "1-0"]
[WhiteElo "2093"]
[BlackElo "2240"]
[Annotator "TA"]
[PlyCount "119"]
[EventDate "2018.07.09"]
[EventType "team-tourn"]
[EventCountry "CHN"]
[SourceTitle "playchess.com"]
[Source "ChessBase"]
[SourceQuality "1"]

{[%evp 15,119,0,9,0,20,-27,-4,-14,0,0,-2,4,40,0,0,0,0,0,0,0,24,24,62,20,0,7,3,10,60,0,0,0,0,-17,24,22,40,43,62,56,84,20,20,0,6,0,131,148,337,342,336,343,458,458,396,92,450,456,536,537,541,670,675,655,647,631,679,611,630,643,676,612,1286,864,831,758,721,566,550,518,724,692,1029,1022,1258,1259,1441,1373,1330,1143,2097,1925,1868,1091,1177,1195,1405,1418,2091,2091,29982,29983,29995,29988,29986,4631]} 1. d4 Nf6 2. Nf3 g6 3. Bg5 Bg7 4. Nbd2 O-O 5. c3 d5 6. e3 Nbd7 7. Be2 Re8 8. O-O e5 9. a4 {D03: 1 d4 d5 2 Nf3 Nf6 3 Bg5, including Torre Attack with early ...d5} (9. h3 c6 10. b4 Qe7 11. Rc1 e4 12. Ne1 Nb6 13. a3 Be6 14. c4 h6 15. Bh4 g5 16. Bg3 Nxc4 17. Nxc4 dxc4 18. Bxc4 Bxc4 19. Rxc4 {0-1 (28) Shimanov,A (2626)-Jones,G (2677) chess.com INT 2018}) 9... c6 10. b4 a5 11. b5 {The position is equal.} c5 12. dxe5 Nxe5 13. Rc1 {[#]} b6 $146 ({Predecessor:} 13... h6 14. Bh4 Nxf3+ 15. Bxf3 c4 16. Bxf6 Bxf6 {½-½ (84) Torre,E (2565)-Ftacnik,L (2570) Novi Sad 1984}) 14. Nxe5 Rxe5 15. Bf4 Re8 16. Bf3 Ra7 17. c4 Be6 18. Bg5 d4 19. Bc6 (19. Ne4 $5 {[%cal Re3d4]}) 19... Bd7 20. exd4 Bxc6 21. bxc6 cxd4 22. c5 (22. Qf3 $1 $14) 22... bxc5 $11 23. Rxc5 Qd6 24. Qc1 Nd5 {And now ...Nc3 would win.} (24... Bf8 $6 25. Rc4 $16) 25. Qc4 Nc7 26. g3 Ne6 27. Ne4 Qf8 {[#]} 28. Rb5 (28. Rd5 $1 $16) 28... Rc8 29. Rc1 Rac7 30. Rb6 $36 {[%mdl 2048] White is pushing.} ({Much worse is} 30. Rxa5 Rxc6 31. Qxc6 Rxc6 $17) 30... h6 (30... Nxg5 $11 31. Nxg5 Qd8) 31. Bd2 $16 Nd8 $2 (31... d3 $16) 32. Qd5 $18 ({Inferior is} 32. Bxa5 Nxc6 33. Rb8 Nxa5 $15) 32... Ne6 33. Bxa5 ({Weaker is} 33. Qxa5 d3 $16) 33... Qa3 34. Rbb1 Ra7 {[#]} 35. Ra1 $2 (35. c7 $1 $18 {[%mdl 512] and White stays clearly on top.}) 35... Qb2 $2 {[%mdl 8192]} (35... Qf3 $16 {is a better chance.} 36. Bb6 Re7) 36. Nd6 Rca8 37. c7 Rxa5 {[#]} 38. Qxa5 $1 {[%mdl 576] Promotion} Rxa5 39. c8=Q+ Kh7 40. Nc4 Qb4 {and if ...Rc5 works, Black does fine.} 41. Nxa5 Qxa5 42. Qd7 Ng5 43. Kg2 Qd2 44. Qd5 d3 45. Rd1 Qe2 46. Re1 Qg4 47. Rad1 Qh3+ 48. Kh1 Bc3 49. Re3 Qg4 50. Rdxd3 Bg7 51. f4 Ne6 52. Re1 h5 53. a5 h4 54. Qf3 Qf5 55. Rd5 Qc2 56. f5 Nd4 57. fxg6+ fxg6 58. Qe4 {[%mdl 64] Double Attack. White mates.} hxg3 59. Qxc2 Nxc2 60. Re7 {Accuracy: White = 59%, Black = 24%.} (60. Re4 $142 Be5 61. Rdxe5 Nb4 62. Rxb4 Kg7 63. Rb6 g2+ 64. Kxg2 Kf7 65. a6) 1-0

[Event "Yingmei CHN-chT 2018"]
[Site "Guangdong"]
[Date "2018.11.28"]
[Round "20"]
[White "Yu, Yangyi"]
[Black "Jakovenko, Dmitry"]
[Result "1/2-1/2"]
[WhiteElo "2765"]
[BlackElo "2749"]
[Annotator "TA"]
[PlyCount "62"]
[EventDate "2018.07.09"]
[EventType "team-tourn"]
[EventCountry "CHN"]
[SourceTitle "playchess.com"]
[Source "ChessBase"]
[SourceQuality "1"]

{[%evp 36,62,0,0,0,0,0,0,0,-16,0,0,0,0,0,0,0,0,0,0,0,0,0,0,0,0,0,0,0]} 1. c4 c5 2. Nc3 g6 3. g3 Bg7 4. Bg2 Nc6 5. Nf3 d6 6. d3 e5 7. a3 Nge7 8. Rb1 a5 9. Bd2 O-O 10. O-O Rb8 11. Ne1 Be6 12. Nc2 d5 13. cxd5 Nxd5 14. Ne4 b6 {A37: Symmetrical English vs ...g6: 4 Bg2 Bg7 5 Nf3} 15. b4 (15. Ng5 Bc8 16. Re1 h6 17. Ne4 Be6 18. Nc3 f5 19. Qc1 Kh7 20. Nxd5 Bxd5 21. Bxd5 Qxd5 22. b4 cxb4 23. axb4 {0-1 (58) Kerr,S (2580)-Martin Clemente,J (2595) ICCF email 2007}) 15... axb4 16. axb4 cxb4 17. Nxb4 Ncxb4 18. Bxb4 Nxb4 19. Rxb4 {LiveBook: 7 Games. The position is equal.} f5 {[%cal Bf7f5,Bf5f4][%mdl 32]} 20. Nc3 $1 e4 21. Nb5 exd3 22. exd3 Bd5 $146 23. d4 f4 24. Bxd5+ Qxd5 25. Qb3 Qxb3 (25... Rfd8 {is interesting.} 26. Qxd5+ Rxd5 27. Rc1 fxg3 28. hxg3 Rbd8) 26. Rxb3 Rbd8 27. Rd1 fxg3 28. hxg3 Rf5 29. Kg2 Rdd5 30. Nc3 Rxd4 31. Rxb6 Rxd1 1/2-1/2

[Event "Yingmei CHN-chT 2018"]
[Site "Guangdong"]
[Date "2018.11.28"]
[Round "20"]
[White "Cheparinov, Ivan"]
[Black "Li, Di"]
[Result "1/2-1/2"]
[WhiteElo "2715"]
[BlackElo "2487"]
[Annotator "TA"]
[PlyCount "84"]
[EventDate "2018.07.09"]
[EventType "team-tourn"]
[EventCountry "CHN"]
[SourceTitle "playchess.com"]
[Source "ChessBase"]
[SourceQuality "1"]

{[%evp 15,84,34,27,14,16,15,12,15,17,15,13,16,4,16,0,4,16,0,0,-9,-3,0,38,27,67,60,46,55,71,66,150,162,133,150,110,130,172,147,144,145,142,40,43,0,0,0,0,0,0,0,-1,-2,-9,-2,-2,-56,-9,-31,-2,-8,-8,-8,-8,-8,0,-14,-13,-14,-14,-16,-16]} 1. e4 e5 2. Nf3 Nf6 3. Nxe5 d6 4. Nf3 Nxe4 5. Nc3 Nf6 6. d4 Be7 7. Bd3 O-O 8. O-O {C42: Petroff Defence: 3 Nxe5 and unusual White 3rd moves} Nc6 {LiveBook: 5 Games} 9. a3 Bg4 10. Be3 $146 ({Predecessor:} 10. Be2 d5 11. h3 Bf5 12. Bd3 Be4 13. Be3 Re8 14. Ne5 Bd6 15. Nxc6 bxc6 16. Bg5 Bxd3 17. Qxd3 h6 18. Bh4 Re6 {½-½ (18) Yu,Y (2744)-Jobava,B (2687) Tbilisi 2017}) 10... d5 11. h3 Bh5 12. g4 Bg6 13. Ne5 Bxd3 14. Qxd3 Nd7 15. f4 Ncxe5 16. fxe5 c6 17. Rae1 Bh4 18. Re2 Qe7 19. Bd2 Rfe8 20. Nd1 {[%cal Bc3d1,Bd1e3,Be3g2][%mdl 32]} g6 21. Ne3 f6 22. Bb4 $36 {[%mdl 2048] Black is under pressure.} Qd8 (22... Qe6 $14) 23. e6 $1 $16 Rxe6 24. Ng2 $1 {[%csl LRe6,LRh4]} Rxe2 25. Qxe2 Bg5 26. Qe6+ Kh8 27. h4 Bh6 {[#]} 28. Re1 {[#]} (28. g5 $1 $16 {[%cal Rg5h6][%mdl 512]} Bf8 (28... fxg5 29. Rf7) 29. gxf6) 28... c5 $1 $14 {[%mdl 512]} 29. dxc5 (29. Bxc5 Nxc5) 29... Ne5 {White must now prevent ...Nf3+.} 30. Kh1 a5 31. g5 $1 {[%cal Rg5h6]} axb4 32. gxh6 {Strongly threatening Rxe5.} Ra6 33. Qh3 bxa3 34. bxa3 Rc6 35. Qg3 (35. Nf4 $11) 35... Qf8 36. Nf4 Qxh6 37. Nxd5 {With the idea Rxe5.The position is equal.} Qh5 38. Nxf6 Rxf6 39. Rxe5 Qd1+ 40. Re1 Qd5+ 41. Kh2 Qxc5 42. Re2 Kg7 {Accuracy: White = 62%, Black = 67%.} 1/2-1/2

[Event "Yingmei CHN-chT 2018"]
[Site "Guangdong"]
[Date "2018.11.28"]
[Round "20"]
[White "Li, Chao b"]
[Black "Bai, Jinshi"]
[Result "1/2-1/2"]
[WhiteElo "2715"]
[BlackElo "2566"]
[Annotator "TA"]
[PlyCount "60"]
[EventDate "2018.07.09"]
[EventType "team-tourn"]
[EventCountry "CHN"]
[SourceTitle "playchess.com"]
[Source "ChessBase"]
[SourceQuality "1"]

{[%evp 9,60,25,30,28,24,17,18,0,6,0,0,0,2,0,0,0,0,0,11,0,13,0,8,0,8,0,0,0,0,0,0,0,0,0,0,0,0,0,0,0,0,0,0,0,0,0,0,0,0,0,0,0,0]} 1. d4 d5 2. c4 c5 3. dxc5 Nf6 4. Nf3 e6 5. Be3 (5. e3 Bxc5 6. cxd5 exd5 7. Bb5+ Nc6 8. O-O O-O 9. a3 Bg4 10. b4 Bd6 11. Bb2 Ne4 12. Be2 Re8 13. Nbd2 Qe7 14. Nxe4 dxe4 15. Nd4 Qe5 {½-½ (59) Riazantsev,A (2708)-Mamedyarov,S (2753) Khanty-Mansiysk 2013}) 5... Na6 6. Nc3 {D06: Queen's Gambit: Symmetrical and Baltic Defences} Bxc5 7. Bxc5 Nxc5 {The position is equal.} 8. e3 $146 ({Predecessor:} 8. cxd5 exd5 9. g3 O-O 10. Bg2 Nce4 11. O-O Nxc3 12. bxc3 {½-½ (45) Nikolic,P (2605)-Seirawan,Y (2610) Barcelona 1989}) 8... dxc4 9. Qxd8+ Kxd8 10. Bxc4 Ke7 11. b4 Nce4 12. Nxe4 Nxe4 13. Bd3 Nf6 14. Ke2 Bd7 15. Ne5 Ba4 16. e4 a5 17. Rhb1 Nd7 18. Nxd7 Bxd7 19. bxa5 Rhb8 20. a6 b5 $1 21. a4 {[%cal Ra4b5]} Rxa6 22. axb5 Rxa1 23. Rxa1 Bxb5 $11 {[%mdl 4096] Endgame KRB-KRB} 24. Ra7+ Kf8 25. Bxb5 Rxb5 {KR-KR} 26. h4 h5 27. g3 g6 28. Ke3 Kg7 29. Rc7 Ra5 30. Rb7 Rc5 {Accuracy: White = 54%, Black = 76%.} 1/2-1/2